000 00167nam a2200073Ia 4500
008 170620s9999 xx 000 0 und d
100 _aJOSHI
245 0 _aTEACHING OF SOCIAL STUDIES
260 _bAPH PU
999 _c26324
_d26324